| 000 | 00504nam a2200205Ia 4500 | ||
|---|---|---|---|
| 003 | OSt | ||
| 005 | 20230403154101.0 | ||
| 008 | 210423s2007 xx 000 0 und d | ||
| 020 | _a8130904578 | ||
| 040 | _cAL | ||
| 041 | _aeng | ||
| 082 | _a809.935 BLOH | ||
| 100 |
_aBLOOM (Harold),Ed. _982774 |
||
| 245 | _aDantes the divine comedy. | ||
| 260 |
_aNew Delhi _bViva Books Pvt Ltd _c2007 |
||
| 300 |
_avi,175 _bPB |
||
| 365 |
_b125 _cINR |
||
| 906 | _acomedy. ; Dantes ; divine | ||
| 942 |
_2ddc _cBK |
||
| 999 |
_c158035 _d158035 |
||